Journal of Climate

Бібліографічні деталі
Формат: Електронний ресурс Журнал
Мова:English
Опубліковано: American Meteorological Society
Онлайн доступ:Full text available on JSTOR[1988-01-01 - 2020-12-15]
Off-campus access
LEADER 00930cas a2200205 a 4500
001 AALejournalJSTOR000913
008 230228c9999 xx r poo 0 0eng d
022 |a 0894-8755 
022 |a 1520-0442 
040 |a BD-DhAAL  |c BD-DhAAL 
245 0 0 |h [electronic resource]  |a Journal of Climate 
260 |b American Meteorological Society 
300 |a 1 online resource 
362 0 |a Vol. 1,  |a no. 1 
500 |a <strong>Off-Campus Access:</strong> Athens ID and Password Required 
500 |a <strong>On-Campus Access:</strong> No User ID or Password Required 
506 |a Electronic access restricted to authorized BRAC University faculty, staff and students 
538 |a Mode of access: Internet 
856 4 0 |z Full text available on JSTOR[1988-01-01 - 2020-12-15]  |u https://www.jstor.org/journal/jclimate 
856 4 0 |z Off-campus access  |u https://go.openathens.net/redirector/bracu.ac.bd?url=https%3A%2F%2Fwww.jstor.org%2Fjournal%2Fjclimate